| 000 | 01872cam a2200217 4500 | ||
|---|---|---|---|
| 001 | ABS67237 | ||
| 008 | 031105n2003 000 0 eng u | ||
| 035 | _a(Sirsi) u124245 | ||
| 245 | _aMean Fiddler Holdings Ltd v Islington LBC (No 2) | ||
| 260 | _c2003 | ||
| 490 |
_aEstates Gazette _v[2003] 44 EG 170-176(7) |
||
| 520 | _aACQ/29/2001, 9 September 2003. Claimant (M) held a lease on a nightclub compulsorily purchased by I and sought compensation for the extinguishment of its business. CA dismissed I's appeal against a LT decision, on a preliminary issue, that M had not breached its lease ([2003] EWCA Civ 160, X122498). Before the preliminary hearing M disclosed accounts indicating that the business was carried out by M's wholly owned subsidiary M F Clubs and Live Ltd (C) rather than M itself. Prior to the substantive hearing I asked M to accept that claim for total extinguishment was misconceived, that only C could make such a claim, and that C had not made reference to the LT. M claimed that, prior to the preliminary issue hearing, the parties had agreed a statement of facts and maintained that I could not be released from the this agreement. M asserted that there had been an abuse of process by I in raising the Clubs issue at a late stage of the proceedings and after the hearing of the preliminary issue. "Held" that LT did have jurisdiction to refuse to allow I to raise the Clubs issue but was entitled to use its discretion in allowing I to raise the matter and dismissed M's claim that it was an abuse of process. | ||
| 590 | _aABS | ||
| 650 | _aMEAN FIDDLER HOLDINGS LTD V ISLINGTON LBC | ||
| 650 | _aNIGHTCLUBS | ||
| 650 | _aALIENATION CLAUSES | ||
| 650 | _aLEASES | ||
| 650 | _aCOMPULSORY PURCHASE ORDERS | ||
| 690 | _aENVIRONMENTAL AND LAND CONSULTANCY-PLANNING AND DEVELOPMENT-COMPULSORY PURCHASE AND COMPENSATION | ||
| 942 | _n0 | ||
| 999 |
_c73749 _d73749 |
||